000 00882nam a2200265 a 4500
008
020 _a0797408738 (paperback)
040 _aNUST
_cNUST
049 _aMAIN
090 _aZ675.S3
_bCHI
100 _aChiware, E.R.T.,
_aauthor.
245 2 _aA Handbook for teacher librarians in Zimbabwe /
_cby E.R.T. Chiware and Katherine Matsika.
260 _aHarare :
_bZimbabwe Library Association,
_c1989.
300 _aiv, 81 pages :
_billustrations ;
_c21 cm.
336 _atext
_btxt
_2rdacontent
337 _aunmediated
_bn
_2rdamedia
338 _avolume
_bnc
_2rdacarrier
504 _aIncludes bibliographical references.
650 _aLibrary science
_xhandbook.
700 _aMatsika, Katherine.,
_aauthor.
907 _a.b1017574x
_b06-09-22
_c16-09-05
003
005 20230123134111.0
942 _cBOOKS
_kZ675.S3
_mCHI
999 _c160037
_d160037